000 00892nam a2200265Ia 4500
003 IN-BaIIA
008 211028s9999 xx s 000 0 eng d
020 _a978-3-642-29322-1 (Print)
020 _a978-3-642-29323-8 (Online)
022 _a2190-5053 (Print)
022 _a2190-5061 (Online)
040 _cIIA Library
100 _aWordemann, Mike
_939545
245 0 _aStructured Light Fields
_h[eBook]
260 _aHeidelberg, Berlin
_bSpringer Berlin Heidelberg
_c2012
300 _aOnline resource
490 _aSpringer Theses
650 _a Biological and Medical Physics, Biophysics
_938290
650 _a Classical Electrodynamics
_927032
650 _a Nanoscale Science and Technology
650 _a Optics, Lasers, Photonics, Optical Devices
650 _aPhysics
_973
856 _uhttp://doi.org/10.1007/978-3-642-29323-8
_yClick Here to Access eBook
942 _cEB
999 _c21370
_d21370